[Event "Schleswig Holstein-ch U16 VM"]
[Site "Neumuenster"]
[Date "2008.03.29"]
[Round "8"]
[White "Adamovski, Constantin"]
[Black "Knof, Ingmar"]
[Result "1-0"]
[WhiteElo "1494"]
[BlackElo "1055"]
[PlyCount "97"]
[EventDate "2008.03.24"]
[EventType "swiss"]
[EventRounds "9"]
[EventCountry "GER"]
[SourceTitle "EXT 2009"]
[Source "ChessBase"]
[SourceDate "2008.11.26"]
[SourceVersion "1"]
[SourceVersionDate "2008.11.26"]
[SourceQuality "1"]

1. Nc3 e5 2. Nf3 Nc6 3. d4 exd4 4. Nxd4 Nxd4 5. Qxd4 Nf6 6. Bg5 Be7 7. e4 d6 8. 0-0-0 h6 9. Bh4 0-0 10. f4 Ng4 11. Bxe7 Qxe7 12. h3 Nf6 13. g4 Bd7 14. g5 hxg5 15. fxg5 Nh5 16. h4 Bg4 17. Rd2 b6 18. Rg1 Bd7 19. Nd5 Qd8 20. Be2 c6 21. Bxh5 cxd5 22. Qxd5 Bc8 23. Qxa8 Qe7 24. Qd5 Rd8 25. g6 Be6 26. gxf7+ Bxf7 27. Bxf7+ Qxf7 28. Qxf7+ Kxf7 29. e5 d5 30. Re1 Ke6 31. Rg2 Rd7 32. h5 a5 33. Rg6+ Kf5 34. e6 Re7 35. Kd2 b5 36. Kd3 a4 37. Kd4 b4 38. Kxd5 a3 39. b3 Kf4 40. Kd6 Re8 41. Kd7 Ra8 42. e7 Ra7+ 43. Ke6 Ra6+ 44. Kf7 Ra7 45. Kxg7 Kf5 46. h6 Kf4 47. h7 Kf3 48. h8Q Kf2 49. Ree6 1-0

[Event "Schleswig Holstein-ch U16 VM"]
[Site "Neumuenster"]
[Date "2008.03.25"]
[Round "2"]
[White "Knof, Ingmar"]
[Black "Muellerschoen, Mario"]
[Result "1-0"]
[WhiteElo "1055"]
[BlackElo "707"]
[PlyCount "51"]
[EventDate "2008.03.24"]
[EventType "swiss"]
[EventRounds "9"]
[EventCountry "GER"]
[SourceTitle "EXT 2009"]
[Source "ChessBase"]
[SourceDate "2008.11.26"]
[SourceVersion "1"]
[SourceVersionDate "2008.11.26"]
[SourceQuality "1"]

1. e4 d5 2. exd5 Qxd5 3. Nc3 Qe6+ 4. Qe2 Qxe2+ 5. Bxe2 Nf6 6. d4 Nc6 7. Nf3 e6 8. 0-0 Ng4 9. h3 Nf6 10. Bg5 Be7 11. Bxf6 Bxf6 12. Rad1 0-0 13. d5 exd5 14. Rxd5 Be6 15. Rd2 Rae8 16. a3 h6 17. Re1 Bg5 18. Ne4 f6 19. Nc5 Na5 20. b4 b6 21. Nxe6 Rxe6 22. bxa5 bxa5 23. Bc4 Rfe8 24. Rxe6 Kf7 25. Rxe8+ Kxe8 26. g3 1-0